Wavelets for computer graphics : theory and applications /
Gespeichert in:
| 1. Verfasser: | |
|---|---|
| Weitere Verfasser: | , |
| Format: | Sách giấy |
| Veröffentlicht: |
San Francisco :
Morgan Kaufmann Publishers,
c1996.
|
| Schlagworte: | |
| Online Zugang: | Table of contents Publisher description |
| Tags: |
Tag hinzufügen
Keine Tags, Fügen Sie den ersten Tag hinzu!
|
| Thư viện lưu trữ: | Thư viện Trường Đại học Đà Lạt |
|---|
| LEADER | 01205nam a2200361 4500 | ||
|---|---|---|---|
| 001 | DLU030025509 | ||
| 005 | ##20030709200616.0 | ||
| 008 | ##960328s1996 cau b 001 0 eng | ||
| 010 | # | # | |a 96007950 |
| 020 | # | # | |a 1558603751 |
| 035 | # | # | |9 (DLC) 96007950 |
| 040 | # | # | |a DLC |c DLC |d DLC |
| 050 | # | # | |a T385 |b .S796 1996 |
| 082 | # | # | |a 006.601 |b ST-E |
| 100 | # | # | |a Stollnitz, Eric J. |
| 245 | # | # | |a Wavelets for computer graphics : |b theory and applications / |c Eric J. Stollnitz, Tony D. DeRose, David H. Salesin. |
| 260 | # | # | |a San Francisco : |b Morgan Kaufmann Publishers, |c c1996. |
| 300 | # | # | |a xxvi, 245 p. ; |c 24 cm. |
| 504 | # | # | |a Includes bibliographical references (p. 223-233) and index. |
| 650 | # | # | |a Computer graphics. |
| 650 | # | # | |a Wavelets (Mathematics) |
| 700 | # | # | |a DeRose, Tony D. |
| 700 | # | # | |a Salesin, David H. |
| 856 | # | # | |3 Table of contents |u http://www.loc.gov/catdir/toc/els032/96007950.html |
| 856 | # | # | |3 Publisher description |u http://www.loc.gov/catdir/description/els032/96007950.html |
| 994 | # | # | |a DLU |
| 900 | # | # | |a True |
| 911 | # | # | |a Lê Thị Mạnh Xuân |
| 925 | # | # | |a G |
| 926 | # | # | |a A |
| 927 | # | # | |a SH |
| 980 | # | # | |a Thư viện Trường Đại học Đà Lạt |


